[Event "Foment Martinenc op-B 24th"]
[Site "Barcelona"]
[Date "2024.06.15"]
[Round "9"]
[White "Alberti Carrasco, Pau"]
[Black "Guzman Lopez, Leonardo"]
[Result "1-0"]
[WhiteElo "1748"]
[BlackElo "1599"]
[PlyCount "69"]
[EventDate "2024.04.20"]
[EventType "swiss"]
[EventRounds "9"]
[EventCountry "ESP"]
[SourceTitle "CBM 220 Extra"]
[Source "ChessBase"]
[SourceDate "2024.07.31"]
[SourceVersion "1"]
[SourceVersionDate "2024.07.31"]
[SourceQuality "1"]

1. e4 e5 2. Bc4 Nc6 3. Nc3 Nf6 4. d3 Bc5 5. Nge2 d6 6. Na4 Bb6 7. a3 h6 8. h3 0-0 9. 0-0 Be6 10. Nxb6 axb6 11. Bb5 Ne7 12. c4 Bd7 13. Nc3 Bxb5 14. Nxb5 c6 15. Nc3 Ng6 16. Qf3 Nd7 17. Be3 Nc5 18. Rad1 Ne6 19. g3 Nd4 20. Bxd4 exd4 21. Ne2 c5 22. g4 Ne5 23. Qg3 Qf6 24. Nf4 Ra6 25. Nd5 Qf3 26. Qxf3 Nxf3+ 27. Kg2 Nh4+ 28. Kg3 g5 29. f4 f6 30. fxg5 fxg5 31. Rxf8+ Kxf8 32. Rf1+ Kg7 33. Nc7 Ra7 34. Ne8+ Kg6 35. Nxd6 1-0

[Event "Foment Martinenc op-B 24th"]
[Site "Barcelona"]
[Date "2024.04.27"]
[Round "2"]
[White "Palacios Pena, Gerardo"]
[Black "Alberti Carrasco, Pau"]
[Result "1-0"]
[WhiteElo "1848"]
[BlackElo "1748"]
[PlyCount "113"]
[EventDate "2024.04.20"]
[EventType "swiss"]
[EventRounds "9"]
[EventCountry "ESP"]
[SourceTitle "CBM 220 Extra"]
[Source "ChessBase"]
[SourceDate "2024.07.31"]
[SourceVersion "1"]
[SourceVersionDate "2024.07.31"]
[SourceQuality "1"]

1. d4 d5 2. Nf3 Nf6 3. c4 dxc4 4. Qa4+ Nbd7 5. Qxc4 e6 6. Nc3 Be7 7. Bf4 c6 8. e3 0-0 9. Be2 Re8 10. 0-0 Nh5 11. Be5 Nb6 12. Qb3 Nd5 13. h3 Nhf6 14. Rac1 Qb6 15. Qc2 Bd7 16. a3 Rec8 17. Na4 Qd8 18. Nc5 Bxc5 19. Qxc5 Be8 20. Qc2 Nd7 21. Bg3 Qf6 22. Ne5 Nxe5 23. Bxe5 Qh6 24. Qb3 f6 25. Bh2 b5 26. e4 Nf4 27. Bxf4 Qxf4 28. Qxe6+ Bf7 29. Qg4 Qd2 30. Rfd1 Qxb2 31. a4 bxa4 32. Ba6 Rd8 33. Bc4 Rxd4 34. Bxf7+ Kxf7 35. Rxd4 Qxd4 36. Rd1 Qe5 37. Rd7+ Ke8 38. Qxg7 Qa1+ 39. Kh2 Qe5+ 40. g3 Qe6 41. Rb7 Kd8 42. Qc7+ Ke8 43. Qxh7 Kd8 44. Qh8+ Qe8 45. Qxf6+ Kc8 46. Re7 Qxe7 47. Qxe7 a3 48. Qxa3 Kb7 49. Qb4+ Kc7 50. Qa5+ Kb7 51. e5 Rc8 52. Qc5 Ra8 53. Qb4+ Kc7 54. Qd6+ Kb6 55. Qb4+ Kc7 56. Qa5+ Kb7 57. f4 1-0